Daily Quiz #18 - Statistics

General Stats
  • This quiz has been taken 24 times
  • The average score is 4 of 5
Answer Stats
Hint Answer % Correct
What South American country is known for being very long and very thin? Chile
91%
What country in Oceania is known for having more sheep than people? New Zealand
87%
What is the smallest state? Rhode Island
83%
Who was the president during WW1? Woodrow Wilson
61%
Which NFL team did Tom Brady play most of his career with? New England Patriots
48%
No matching quizzes found
Score Distribution
Percent of People with Each Score
Percentile by Number Answered
Your Score History
You have not taken this quiz